Matematika III. /

Hlavní autor: Diblík, Josef, 1953-
Další autoři: Baštinec, Jaromír, 1952-
Jazyk: Čeština
Vydáno: Brno : Vysoké učení technické, 1991
Vydání: 1. vyd.
Edice: Učební texty vysokých škol
Témata:
Fyzický popis: 190 s.
Knihy
Uloženo v:
LEADER 01601nam a22003732a 4500
001 000120384
003 CZ BrMZK
005 20110912104806.0
007 ta
008 970103s1991 xr f cze d
015 |a cnb000067931 
020 |a 80-214-0315-2 
035 |a (OCoLC)85682322 
040 |a BOA001  |b cze 
080 9 |a 517.538(075.8) 
100 1 |a Diblík, Josef,  |d 1953-  |7 mzk2005279474  |4 aut 
245 1 0 |a Matematika III. /  |c Josef Diblík, Jaromír Baštinec 
250 |a 1. vyd. 
260 |a Brno :  |b Vysoké učení technické,  |c 1991 
300 |a 190 s. 
490 1 |a Učební texty vysokých škol 
504 |a Obsahuje bibliografii 
700 1 |a Baštinec, Jaromír,  |d 1952-  |7 jx20100826001  |4 aut 
810 2 |a Vysoké učení technické v Brně.  |t Učební texty vysokých škol  |0 s 
910 |a BOA001  |b TK-A-0248.008  |b 4-0978.239 
920 |a 000557155 
964 |a Matematika - učebnice - školy vysoké 
990 |a BK 
996 7 |b 2619718914  |c 4-0978.239  |l MZK  |r Sklad / do 1 hodiny  |n 9  |w 000120384  |u 000060  |a 1  |e BOA001  |j MZK50  |s A 
996 7 |b 2629962353  |c TK-A-0248.008  |l MZK  |r Sklad / do 24 hodin  |n 9  |w 000120384  |u 000040  |a 1  |e BOA001  |j MZK50  |s A 
996 7 |b 2629966281  |c TK-A-0248.008  |l MZK  |r Sklad / do 24 hodin  |n 10  |w 000120384  |u 000010  |a 1  |e BOA001  |j MZK50  |s A 
996 7 |b 2629981265  |c TK-A-0248.008  |l MZK  |r Sklad / do 24 hodin  |n 11  |w 000120384  |u 000020  |a 1  |e BOA001  |j MZK50  |s A 
996 7 |b 2629984554  |c TK-A-0248.008  |l MZK  |r Sklad / do 24 hodin  |n 7  |w 000120384  |u 000050  |a 1  |e BOA001  |j MZK50  |s A 
996 7 |b 2629985309  |c TK-A-0248.008  |l MZK  |r Sklad / do 24 hodin  |n 9  |w 000120384  |u 000030  |a 1  |e BOA001  |j MZK50  |s A